Unikátne nálezy Praveká osada a slovenské sídlisko v Zemplínskom Hradišti

Bibliographic Details
Main Author: Chovanec, Ján (Author)
Format: Article
Language:Slovak
Subjects:

MARC

LEADER 00000nab a2200000 a 4500
001 vtls000288228
003 SK-MaSNL
005 20260302220158.0
008 111201c1987 xo 0 slo
015 |a SNBRB19rr/mm-uuuuu 
035 |a CL0298346 
040 |a SNKBUCL  |b slo  |c SNKBUCL  |e AACR2 
041 0 |a slo 
044 |a xo  |c SK 
080 |a 903.4:902  |2 1981 
080 |a 902  |2 1981 
080 |a 904  |2 1981 
080 |a 936.7  |2 1981 
100 1 |a Chovanec, Ján  |4 aut  |9 288289 
245 1 0 |a Unikátne nálezy  |b Praveká osada a slovenské sídlisko v Zemplínskom Hradišti  |c Ján Chovanec 
650 0 7 |a osady praveké  |2 snkbucl  |9 945591 
650 0 7 |a sídliská slovanské  |2 snkbucl  |9 942374 
650 0 7 |a archeologické nálezy  |2 snkbucl  |9 4975 
651 7 |a 5412  |2 snkbucl  |9 444441 
651 7 |a Zemplínske Hradište (Slovensko)  |2 snkbucl  |9 55587 
655 7 |a články z novín a časopisov  |2 snkbucl  |9 267496 
773 0 |t Východoslovenské noviny  |g Roč. 36, č. 181 (5. 8. 1987), s. 4 
850 |a Slovenská národná knižnica v Martine  |a MTA001 
852 |a SNK  |b KIS3GCP 
958 |a RK 
992 |a RBX 
999 |c 1505921  |d 1507851